000
00262nam a2200109Ia 4500
008
221009s9999 xx 000 0 und d
082
_a
020/MUK
100
_a
Mukherji,Barun
_9
81329
245
0
_a
Books Libraries and Culture
260
_b
Concept Pub.
942
_c
BK
999
_c
64921
_d
64921